Największe miasta w województwie podlaskim A-Z - Statystyki

Ogólne statystyki
  • Ten quiz został rozwiązany 7 065 razy
  • Średni wynik to 7 z 17
Statystyki odpowiedzi
# Miasto Populacja % Poprawnych
B Białystok 294 242
99%
S Suwałki 69 229
82%
Ł Łomża 60 848
80%
A Augustów 29 494
79%
H Hajnówka 19 667
58%
Z Zambrów 21 351
53%
G Grajewo 21 395
46%
M Mońki 9 675
44%
K Kolno 9 999
34%
D Dąbrowa Białostocka 5 257
23%
C Czarna Białostocka 8 943
21%
T Tykocin 1 917
20%
W Wasilków 12 147
19%
R Rajgród 1 467
15%
J Jedwabne 1 701
14%
L Lipsk 2 161
14%
N Nowogród 2 134
12%
Nie znaleziono quizów pasujących do podanych kryteriów
Rozkład punktacji
Procent ludzi z każdym wynikiem
Percentyl według liczby udzielonych odpowiedzi
Twoja historia wyników
Nie rozwiązałeś tego quizu